"Les perles choisies" d'Ibn Ach-Chihna /

Saved in:

Main Author: Ibn al-Shiḥnah, Muḥibb al-Dīn Muḥammad ibn Muḥammad,‏ 1402-1485‏ (Author)

Other Authors: Sauvaget, Jean, 1901-1950.

Format: Book

Language: French

Published: Beyrouth : [Institut français de Damas], 1933.

Series: Matériaux pour servir à l'histoire de la ville d'Alep ; 1.
(Mémoires de l'Institut français de Damas)

Subjects:

Tags: Add Tag

No Tags, Be the first to tag this record!

Call Number: DS51 .A3 I234 1933 DLIR

LEADER 00938nam a22002771 4500
001 1513
003 OSt
005 20260310081746.0
008 130303s1933 le b 000 0 fre d
035 |a tmp00552204 
040 |c ARCE Library 
043 |a a-sy--- 
050 4 |a DS51 .A3 I234 1933 
099 |a DLIR 
100 1 |a Ibn al-Shiḥnah, Muḥibb al-Dīn Muḥammad ibn Muḥammad,‏   |d 1402-1485‏,   |e author 
245 1 5 |a "Les perles choisies" d'Ibn Ach-Chihna /   |c [Traduction de] J. Sauvaget. 
264 1 |a Beyrouth :  |b [Institut français de Damas],  |c 1933. 
300 |a xv, 223 pages ;  |c 26 cm. 
490 0 |a Matériaux pour servir à l'histoire de la ville d'Alep ;   |v 1. 
490 0 |a (Mémoires de l'Institut français de Damas) 
504 |a Bibliographical footnotes. 
651 0 |a Aleppo (Syria)  |x History  |x Sources. 
700 1 |a Sauvaget, Jean,  |d 1901-1950.  |9 39255 
901 |a reviewed 
942 |c BK  |2 lcc 
999 |c 2475  |d 2475